[Event "Fox On The Run - Glam Chess Rules!"]
[Site "SchemingMind.com"]
[Date "2009.07.21"]
[Round "-"]
[White "Theodoric"]
[Black "David Hartley"]
[Result "1-0"]
[WhiteCountry "ENG"]
[BlackCountry "ENG"]
[WhiteElo "1967"]
[WhiteRD "68"]
[BlackElo "1858"]
[BlackRD "74"]
[GameID "212842"]

1. e4 e5 2. Nf3 Nc6 3. Bc4 Nf6 4. Ng5 d5 5. exd5 Na5 6. Bb5+ Bd7 7. Qe2 c6 8. dxc6 bxc6 9. Qxe5+ Be7 10. Bd3 O-O
11. Ne4 Re8 12. O-O
1-0

[Event "Fox On The Run - Glam Chess Rules!"]
[Site "SchemingMind.com"]
[Date "2009.07.23"]
[Round "-"]
[White "thefriediceman"]
[Black "wedgehead"]
[Result "1/2-1/2"]
[WhiteCountry "USA"]
[BlackCountry "ENG"]
[WhiteElo "1887"]
[WhiteRD "69"]
[BlackElo "1814"]
[BlackRD "90"]
[GameID "213579"]

1. e4 e5 2. Nf3 Nc6 3. Bc4 Bc5 4. c3 Nf6 5. d3 O-O 6. b4 Bb6 7. b5 Na5 8. Nxe5 d5 9. Bb3 dxe4 10. d4 Nxb3
11. axb3 Re8 12. O-O Nd7 13. Nc4 Qf6 14. Qe2 c6 15. Nxb6 Nxb6 16. f3 Qg6 17. bxc6 bxc6 18. Nd2 Bf5 19. fxe4 Bxe4 20. Nxe4 Rxe4
21. Qf3 Nd5 22. Bd2 Nf6 23. Rfe1 Rae8 24. Rxe4 Nxe4 25. Bf4 Re7 26. Bb8 Nd2 27. Qh3 h6 28. b4 Nb1 29. Rxa7 Rxa7 30. Bxa7 Qe4
31. Kf1 Qf4+ 32. Ke2 Qd2+ 33. Kf1 Qd1+ 34. Kf2 Qc2+ 35. Kf1 Nxc3 36. Qf3 Qc1+ 37. Kf2 Nb5 38. Bc5 Nxd4 39. Qe4 Qc2+ 40. Ke3 Qxe4+
41. Kxe4 Nb5 42. Ke5 Kh7 43. g4 Kg6 44. h4 h5 45. g5 Kh7 46. Kf5 Nc7 47. Ke5 Nb5 48. Kf5=
1/2-1/2

[Event "Fox On The Run - Glam Chess Rules!"]
[Site "SchemingMind.com"]
[Date "2009.07.29"]
[Round "-"]
[White "Andreas Flato"]
[Black "jl1234"]
[Result "1-0"]
[WhiteCountry "GER"]
[BlackCountry "POL"]
[WhiteElo "1750"]
[WhiteRD "72"]
[BlackElo "1816"]
[BlackRD "72"]
[GameID "214058"]

1. e4 c5 2. Nf3 Nc6 3. c3 e5 4. Bb5 Qc7 5. O-O Nf6 6. d3 a6 7. Bxc6 bxc6 8. Re1 Be7 9. d4 cxd4 10. cxd4 exd4
11. Nxd4 O-O 12. Nc3 Bc5 13. e5 Ne8 14. Nf5 d5 15. exd6 Nxd6 16. Nxd6 Bxd6 17. h3 Rd8 18. Qf3 Be6 19. Be3 Rab8 20. b3 Be5
21. Rac1 Rd3 22. Na4 Bd5 23. Qe2 Rxe3 24. fxe3 f6 25. Qxa6 Rb4 26. Red1 Qb8 27. Nc5 Rb6 28. Qe2 Qe8 29. e4 Bf7 30. Nd7 Rb4
31. Nxe5 fxe5 32. Rd6 h6 33. Rdxc6 Qe7 34. Qf3 Be6 35. Rc7 Qg5 36. R1c6
1-0

[Event "Fox On The Run - Glam Chess Rules!"]
[Site "SchemingMind.com"]
[Date "2009.07.29"]
[Round "-"]
[White "jl1234"]
[Black "Andreas Flato"]
[Result "1-0"]
[WhiteCountry "POL"]
[BlackCountry "GER"]
[WhiteElo "1816"]
[WhiteRD "72"]
[BlackElo "1750"]
[BlackRD "72"]
[GameID "214063"]

1. e4 e5 2. Nf3 Nc6 3. Bb5 d6 4. d4 exd4 5. Nxd4 Bd7 6. Bxc6 bxc6 7. O-O Be7 8. Re1 c5 9. Nf5 Bxf5 10. exf5 Nf6
11. Qe2 Qd7 12. Nc3 Kd8 13. Qf3 Rb8 14. b3 Re8 15. Na4 Bf8 16. Bb2 Rxe1+ 17. Rxe1 Ne8 18. Qe3 a5 19. Qg5+ f6 20. Qh5 h6
21. Qe2 d5= 22. Ba3 Qc6 23. Bxc5
1-0

[Event "Fox On The Run - Glam Chess Rules!"]
[Site "SchemingMind.com"]
[Date "2009.08.07"]
[Round "-"]
[White "Uzi Mike"]
[Black "loco61"]
[Result "1-0"]
[WhiteCountry "USA"]
[BlackCountry "ENG"]
[WhiteElo "2066"]
[WhiteRD "110"]
[BlackElo "1598"]
[BlackRD "69"]
[GameID "214571"]

1. d4 e6 2. e4 d5 3. Nd2 Bb4 4. c3 Ba5 5. Ngf3 Bd7 6. Bd3 c6 7. O-O dxe4 8. Nxe4 Nf6 9. Nd6+ Ke7 10. Ne5 Rf8
11. Nxb7 Qc7 12. Qb3 Bb6 13. Qa3+ c5 14. dxc5 Ke8 15. Nd6+ Kd8 16. cxb6 Qxb6 17. Ndc4
1-0

[Event "Fox On The Run - Glam Chess Rules!"]
[Site "SchemingMind.com"]
[Date "2009.08.07"]
[Round "-"]
[White "loco61"]
[Black "Uzi Mike"]
[Result "0-1"]
[WhiteCountry "ENG"]
[BlackCountry "USA"]
[WhiteElo "1607"]
[WhiteRD "72"]
[BlackElo "2050"]
[BlackRD "102"]
[GameID "214577"]

1. e4 c5 2. Nf3 Nc6 3. Bc4 e6 4. d4 d5 5. Bb5 dxe4 6. Ne5 Qb6 7. Bxc6+ bxc6 8. Nc4 Qb4+ 9. Ncd2 cxd4 10. a3 Qb5
11. c3 e3 12. fxe3 dxe3 13. Nf3 Ba6 14. Nd4 Qb6 15. b4 e5 16. Ne2 Rd8 17. Qb3 Bd3 18. c4 a5 19. Nbc3 axb4 20. axb4 Qxb4
21. Qxb4 Bxb4 22. O-O Bxc3 23. Nxc3 Bxf1 24. Kxf1 Rd4 25. Ra4 f5 26. Bxe3 Rd3 27. Ra8+ Kf7 28. Ra7+ Kg6 29. Ra6 Rxc3 30. Rxc6+ Nf6
31. Ke2 Rc2+ 32. Kf3 Rd8 33. c5 Rd1 34. Rb6 Rf1+ 35. Kg3 f4+
0-1

[Event "Fox On The Run - Glam Chess Rules!"]
[Site "SchemingMind.com"]
[Date "2009.08.18"]
[Round "-"]
[White "J Mo"]
[Black "Frankygolucky"]
[Result "0-1"]
[WhiteCountry "ENG"]
[BlackCountry "GBR"]
[WhiteElo "1753"]
[WhiteRD "123"]
[BlackElo "1899"]
[BlackRD "86"]
[GameID "216262"]

1. g3 e5 2. Bg2 d5 3. d3 Nf6 4. Nd2 Bd6 5. e4 c6 6. Ngf3 O-O 7. O-O Bg4 8. h3 Be6 9. Re1 Nbd7 10. Nf1 h6
11. N1h2 Qc7 12. g4 Rad8 13. g5 hxg5 14. Nxg5 Rfe8 15. Qf3 Nf8 16. Ng4 Bxg4 17. hxg4 Ng6 18. Qg3 Qd7 19. Bf3 d4 20. Kg2 Kf8
21. Rh1 Ke7 22. Nh7 Nxh7 23. Rxh7 Rg8 24. Bg5+ Ke8 25. Bxd8 Kxd8 26. Rah1 c5 27. g5 Qa4 28. Bh5 Nf4+ 29. Kf3 Qxc2 30. Bxf7 Qe2#
0-1

[Event "Fox On The Run - Glam Chess Rules!"]
[Site "SchemingMind.com"]
[Date "2009.08.18"]
[Round "-"]
[White "Frankygolucky"]
[Black "J Mo"]
[Result "1/2-1/2"]
[WhiteCountry "GBR"]
[BlackCountry "ENG"]
[WhiteElo "1899"]
[WhiteRD "86"]
[BlackElo "1753"]
[BlackRD "123"]
[GameID "216270"]

1. d4 Nf6 2. c4 e6 3. Nf3 b6 4. g3 Bb7 5. Bg2 Be7 6. O-O O-O 7. Nc3 Ne4 8. Qc2 Nxc3 9. bxc3 f5 10. Re1 Qc8
11. Bf4 Be4 12. Qd2 d6 13. Ng5 Bxg5 14. Bxg5 Nd7 15. f3 Bc6 16. e4 fxe4 17. fxe4 Qa6 18. Bf1 Rf7 19. c5 Qb7 20. cxd6 cxd6
21. Bd3 h6 22. Be3 Bxe4 23. Bxe4 Qxe4 24. Bxh6 Qg6 25. Bf4 d5 26. Qe2 Rc8 27. Rac1 Re7 28. Qa6 Ra8 29. Qb7 Qe8 30. Bd6 Rf7
31. Rf1 Rxf1+=
1/2-1/2

[Event "Fox On The Run - Glam Chess Rules!"]
[Site "SchemingMind.com"]
[Date "2009.08.25"]
[Round "-"]
[White "Theodoric"]
[Black "MrPerry"]
[Result "1/2-1/2"]
[WhiteCountry "ENG"]
[BlackCountry "USA"]
[WhiteElo "1992"]
[WhiteRD "69"]
[BlackElo "1828"]
[BlackRD "82"]
[GameID "216867"]

1. e4 c5 2. c3 Nf6 3. e5 Nd5 4. d4 cxd4 5. Bc4 Qc7 6. Qe2 Nb6 7. Bd3 Nc6 8. Nf3 d6 9. exd6 Qxd6 10. Nxd4 Nxd4
11. cxd4 g6 12. O-O Bg7 13. Nc3 O-O 14. Rd1 Bd7 15. Be4 Bc6 16. Qf3 Bxe4 17. Qxe4 Qd7 18. Bf4 e6 19. Rac1 Rac8 20. Be5 Nd5
21. Bxg7 Nxc3 22. bxc3 Kxg7 23. c4 Qa4 24. Qe2 Rfd8 25. h3 Qa6 26. Qb2 Kg8 27. Qb3 Qd6=
1/2-1/2

[Event "Fox On The Run - Glam Chess Rules!"]
[Site "SchemingMind.com"]
[Date "2009.08.25"]
[Round "-"]
[White "MrPerry"]
[Black "Theodoric"]
[Result "0-1"]
[WhiteCountry "USA"]
[BlackCountry "ENG"]
[WhiteElo "1828"]
[WhiteRD "82"]
[BlackElo "1992"]
[BlackRD "69"]
[GameID "216873"]

1. e4 e6 2. d4 d5 3. e5 c5 4. c3 Nc6 5. Nf3 Bd7 6. Be2 Nge7 7. Na3 cxd4 8. cxd4 Nf5 9. Nc2 Qb6 10. O-O Rc8
11. g4 Nfe7 12. Nfe1 h5 13. gxh5 Nf5 14. Be3 Nb4 15. Nxb4 Bxb4 16. Nd3 Bf8 17. Nf4 Qxb2 18. Rb1 Qxa2 19. Rxb7 Bc6 20. Qb1 Qxb1
21. Rbxb1 a5 22. Bb5 Bxb5 23. Rxb5 a4 24. Ra5 a3 25. Ra1 Nxe3 26. fxe3 Bb4 27. Ra4 Be7 28. Ra7 Rh6 29. Nd3 Rxh5 30. Rc1 Rxc1+
31. Nxc1 f6 32. exf6 gxf6 33. Ra6 Kf7 34. Kg2 Rg5+ 35. Kf2 e5 36. Ne2 Rh5 37. Kg2 Bb4 38. dxe5 fxe5 39. Nc1 Bc5 40. Nd3 Bxe3
41. Rxa3 Rf5 42. Ra6 e4 43. Ne1 d4 44. Ra3 Kg6 45. Kh3 Bf2
0-1

[Event "Fox On The Run - Glam Chess Rules!"]
[Site "SchemingMind.com"]
[Date "2009.09.20"]
[Round "-"]
[White "Frankygolucky"]
[Black "andu"]
[Result "0-1"]
[WhiteCountry "GBR"]
[BlackCountry "AUT"]
[WhiteElo "1853"]
[WhiteRD "85"]
[BlackElo "2029"]
[BlackRD "49"]
[GameID "220521"]

1. d4 Nf6 2. c4 e6 3. Nf3 c5 4. e3 d5 5. Nc3 Bd6 6. cxd5 exd5 7. Bd3 Nc6 8. O-O O-O 9. h3 c4 10. Bc2 Nb4
11. Bb1 Re8 12. a3 Nc6 13. e4 dxe4 14. Ng5 Bf5 15. Re1 Nxd4 16. Kf1 Nb3 17. Ra2 Bc7 18. Bc2 Qxd1 19. Rxd1 Nxc1 20. Rxc1 Bf4
21. Nxf7 Bxc1 22. Nd6 Re5 23. Nxc4 Rc5 24. Nd6 Be6 25. Ra1 Bxb2
0-1

[Event "Fox On The Run - Glam Chess Rules!"]
[Site "SchemingMind.com"]
[Date "2009.09.20"]
[Round "-"]
[White "andu"]
[Black "Frankygolucky"]
[Result "1-0"]
[WhiteCountry "AUT"]
[BlackCountry "GBR"]
[WhiteElo "2029"]
[WhiteRD "49"]
[BlackElo "1853"]
[BlackRD "85"]
[GameID "220525"]

1. e4 e6 2. d4 d5 3. Nc3 Nf6 4. Bd3 c5 5. Nf3 dxe4 6. Nxe4 Nbd7 7. O-O b6 8. Nxf6+ Nxf6 9. Ne5 a6 10. Re1 Bb7
11. c3 cxd4 12. Qa4+ Nd7 13. Bg5 Be7 14. Bxe7 Qxe7 15. Rad1 b5 16. Qxd4 Nxe5 17. Qxe5 O-O 18. Re3 Rad8 19. a3 Rd5 20. Bxh7+ Kxh7
21. Rxd5 Bxd5 22. Qxd5 Rd8 23. Qe4+ Kg8 24. Rd3 Rxd3 25. Qxd3 Qg5 26. Qd1 Kf8 27. g3 Ke7 28. h4 Qc5 29. Kg2 a5 30. Qd3 a4
31. g4 g6 32. Qd4 Qc6+ 33. f3 Qd6 34. Qxd6+ Kxd6 35. f4 Kd5 36. h5
1-0

[Event "Fox On The Run - Glam Chess Rules!"]
[Site "SchemingMind.com"]
[Date "2009.10.07"]
[Round "-"]
[White "andu"]
[Black "Theodoric"]
[Result "0-1"]
[WhiteCountry "AUT"]
[BlackCountry "ENG"]
[WhiteElo "2029"]
[WhiteRD "49"]
[BlackElo "1990"]
[BlackRD "68"]
[GameID "222198"]

1. e4 e6 2. d4 d5 3. Nc3 Nf6 4. e5 Nfd7 5. f4 c5 6. Nf3 Nc6 7. Be3 cxd4 8. Nxd4 Bc5 9. Qd2 O-O 10. O-O-O Qe7
11. Kb1 f6 12. exf6 Nxf6 13. Be2 Bb4 14. Bd3 a5 15. a3 Bc5 16. Be2 Nxd4 17. Bxd4 Bxd4 18. Qxd4 Bd7 19. Nxd5 exd5 20. Rhe1 Qf7
21. Bf3 Bc6 22. f5 Ne4 23. g4 b5 24. Qb6 Qb7 25. Qe3 Rae8 26. Qd4 b4 27. Bxe4 Rxe4 28. Rxe4 dxe4 29. Qc4+ Kh8 30. Qc5 Qa8
31. Rd6 Rc8 32. f6 gxf6 33. Qf5 Rf8 34. Rxf6 Rxf6 35. Qxf6+ Kg8 36. Qe6+ Kh8 37. Qe5+ Kg8 38. Qe6+ Kf8 39. Qf6+ Ke8 40. Qh8+ Ke7
41. Qxh7+ Kd8
0-1

[Event "Fox On The Run - Glam Chess Rules!"]
[Site "SchemingMind.com"]
[Date "2009.10.07"]
[Round "-"]
[White "Theodoric"]
[Black "andu"]
[Result "0-1"]
[WhiteCountry "ENG"]
[BlackCountry "AUT"]
[WhiteElo "1990"]
[WhiteRD "68"]
[BlackElo "2029"]
[BlackRD "49"]
[GameID "222205"]

1. e4 c5 2. c3 Nf6 3. e5 Nd5 4. d4 cxd4 5. Bc4 Qc7 6. Qe2 Nb6 7. Bd3 Nd5 8. Bc4 e6 9. Bxd5 exd5 10. Nf3 b6
11. Qd2 Nc6 12. O-O Ba6 13. Re1 d3 14. Qf4 Rc8 15. Be3 Nd8 16. Nbd2 Ne6 17. Qf5 Bc5 18. Bxc5 bxc5 19. Rab1 O-O 20. Ng5 Nxg5
21. Qxg5 Rce8 22. Re3 Re6 23. b4 cxb4 24. cxb4 Qc2 25. Rg3 Rg6 26. Qe3 Rxg3 27. hxg3 Bc4 28. a3 Re8 29. Qf4 h6 30. Kh2 d6
31. exd6 Bb5 32. a4 Bd7 33. Ra1 Re2 34. Qd4 Qxd2 35. Qxa7 Rxf2 36. Qxd7 Rxg2+ 37. Kh3 Rh2+ 38. Kg4 Qxb4+
0-1

[Event "Fox On The Run - Glam Chess Rules!"]
[Site "SchemingMind.com"]
[Date "2009.10.17"]
[Round "-"]
[White "thefriediceman"]
[Black "Uzi Mike"]
[Result "0-1"]
[WhiteCountry "USA"]
[BlackCountry "USA"]
[WhiteElo "1887"]
[WhiteRD "70"]
[BlackElo "2175"]
[BlackRD "82"]
[GameID "222955"]

1. e4 c5 2. Nf3 d6 3. d4 cxd4 4. Nxd4 Nf6 5. Nc3 a6 6. Be3 e6 7. f3 b5 8. g4 h6 9. Qd2 Nbd7 10. h4 b4
11. Nce2 d5 12. exd5 Nxd5 13. Bf2 Bb7 14. Bg2 Qc7 15. O-O-O Bc5 16. Bg3 e5 17. Qd3 Rd8 18. Nb3 Be3+ 19. Kb1 O-O 20. Ned4 N7b6
21. Qf1 Bf4 22. Nf5 Bxg3 23. Nxg3 Ne3 24. Qe2 Rxd1+ 25. Rxd1 Nxd1 26. Qxd1 Rc8 27. Nf1 Nd5 28. Nbd2 Qb6 29. Qe1 Qc5 30. Qd1 Nf4
31. Bh1 Qg1 32. Qe1 Rd8
0-1

[Event "Fox On The Run - Glam Chess Rules!"]
[Site "SchemingMind.com"]
[Date "2009.10.17"]
[Round "-"]
[White "Uzi Mike"]
[Black "thefriediceman"]
[Result "0-1"]
[WhiteCountry "USA"]
[BlackCountry "USA"]
[WhiteElo "2175"]
[WhiteRD "82"]
[BlackElo "1887"]
[BlackRD "70"]
[GameID "222965"]

1. d4 Nf6 2. c4 g6 3. Nc3 Bg7 4. e4 d6 5. Be2 O-O 6. Bg5 Na6 7. Nf3 Qe8 8. O-O e5 9. Bxf6 Bxf6 10. c5 exd4
11. Nd5 Bd8 12. Bxa6 bxa6 13. Qxd4 dxc5 14. Qxc5 Qxe4 15. Qc6 Kg7 16. Rfe1 Qf5 17. Qxa8 Be6 18. Rad1 Bf6 19. Qc6 Bxb2 20. Nxc7 Bxa2
0-1

[Event "Fox On The Run - Glam Chess Rules!"]
[Site "SchemingMind.com"]
[Date "2009.11.30"]
[Round "-"]
[White "andu"]
[Black "thefriediceman"]
[Result "1-0"]
[WhiteCountry "AUT"]
[BlackCountry "USA"]
[WhiteElo "2142"]
[WhiteRD "52"]
[BlackElo "1898"]
[BlackRD "67"]
[GameID "228714"]

1. e4 e5 2. Nf3 Nc6 3. Bc4 Bc5 4. b4 Bxb4 5. c3 Bc5 6. d4 exd4 7. O-O d6 8. cxd4 Bb6 9. d5 Ne5 10. Nxe5 dxe5
11. Nc3 Nf6 12. Ba3 Bd4 13. Nb5 Bxa1 14. Qxa1 Nd7 15. d6 O-O 16. dxc7 Qg5 17. Qd1 a6 18. Nd6 Nb6 19. Nxf7 Qf6 20. Nh6+ Kh8
21. Bxf8 Qxf8 22. Nf7+ Kg8 23. Bb3 h6 24. Qh5 Kh7 25. Ng5+ Kh8 26. Qg6 hxg5 27. Qh5#
1-0

[Event "Fox On The Run - Glam Chess Rules!"]
[Site "SchemingMind.com"]
[Date "2009.11.30"]
[Round "-"]
[White "thefriediceman"]
[Black "andu"]
[Result "1-0"]
[WhiteCountry "USA"]
[BlackCountry "AUT"]
[WhiteElo "1898"]
[WhiteRD "67"]
[BlackElo "2142"]
[BlackRD "52"]
[GameID "228724"]

1. e4 c5 2. Nf3 e6 3. d4 cxd4 4. Nxd4 Nf6 5. Nc3 Bb4 6. e5 Ne4 7. Bd2 Nxd2 8. Qxd2 Nc6 9. Nxc6 bxc6 10. a3 Qa5
11. Rb1 Qxe5+ 12. Be2 Bd6 13. h3 O-O 14. Rd1 Bb7 15. Qxd6
1-0